000 00356nam a2200133Ia 4500
008 151001s9999||||xx |||||||||||||| ||und||
100 _aम अ खाडीलकर
245 _aविरंगुंळा
250 _a1
260 _bअंजली प्रकाशन पुणे
260 _c1996
300 _a55
365 _b21
999 _c972614
_d972611